000 00680nam a2200217Ii 4500
003 JO-AjNU
008 230606s9999||||xx |||||||||||||| ||und||
020 _a978-3-030-51274-3
040 _aJO-AjNU
_beng
_erda
_cJO-AjNU
041 _aeng
050 1 4 _aQA372.2021
100 3 _aAllahviranlooو Tofigh ,
_eauthor
_96617
245 0 0 _aFuzzy Fractional Differential Operators and Equations: Fuzzy Fractional Differential Equations
250 _a1ed
264 3 1 _aUSA: Springer,2021
300 _a293p
336 _atext
_btxt
_2rdacontent
337 _aunmediated
_bn
_2rdamedia
338 _avolume
_bnc
_2rdacarrier
650 4 _aFuzzy Fractional Differential Equations
_96618
999 _aE3435
_c3429
_d3429